Score 0/12 Timer 01:30
0 Plays Today
Clue 5-letter Word % Correct
Fashion magazine or dance moveVOGUE
90.8%
DepartLEAVE
88.3%
UnclearVAGUE
87.5%
What a renter signsLEASE
85.9%
Take away 50%HALVE
83.6%
A device controlling flowVALVE
81%
To lift up and throwHEAVE
80.8%
What a variable representsVALUE
78.9%
X-Men member Anna MarieROGUE
78.7%
X-Men member Hank McCoyBEAST
75.7%
Superlatively low in positionLEAST
72.5%
The handle of a weapon or toolHELVE
67.7%

Today's Daily Dose

Missing Word
I Hardly Know Her!

Word Ladder
Sentence Ending

Quick Pick
Female Firsts

Get the Picture
Triathlon Sports

Remove Ads.
Support Sporcle.
Get the best of Sporcle when you Go Orange. This ad-free experience offers more features, more stats, and more fun while also helping to support Sporcle. Thank you for becoming a member.

You're not logged in!

Compare scores with friends on all Sporcle quizzes.
OR
Log In

Show Comments

Extras

Top Quizzes Today


Score Distribution

Your Account Isn't Verified!

In order to create a playlist on Sporcle, you need to verify the email address you used during registration. Go to your Sporcle Settings to finish the process.

Report this User

Report this user for behavior that violates our Community Guidelines.

Details: